[Event "Wch Seniors 50 30th"]
[Site "Assisi"]
[Date "2022.11.16"]
[Round "2"]
[White "Novik, Maxim"]
[Black "Nannelli, Paolo"]
[Result "1-0"]
[WhiteElo "2412"]
[BlackElo "2147"]
[PlyCount "83"]
[EventDate "2022.11.15"]
[EventType "swiss"]
[EventRounds "11"]
[EventCountry "ITA"]
[SourceTitle "CBM 211 Extra"]
[Source "ChessBase"]
[SourceDate "2023.01.31"]
[SourceVersion "1"]
[SourceVersionDate "2023.01.31"]
[SourceQuality "1"]

1. e4 d6 2. d4 Nf6 3. Nc3 c6 4. f4 Qa5 5. Bd3 Bg4 6. Nf3 h5 7. 0-0 Bxf3 8. Qxf3 Ng4 9. f5 d5 10. Bf4 Qb6 11. Qg3 Qxd4+ 12. Kh1 Nd7 13. Bc7 e6 14. Bc4 exf5 15. Bxd5 Be7 16. Rxf5 Bf6 17. Bc4 Qe3 18. Rf3 Qg5 19. Bf4 Qh4 20. Bxf7+ Kxf7 21. Qxh4 Bxh4 22. Bg5+ Ke6 23. Bxh4 Nde5 24. Rff1 Raf8 25. Bg5 Rxf1+ 26. Rxf1 Nf7 27. Bc1 Rd8 28. Kg1 Nge5 29. Kf2 b5 30. Ke2 Nd6 31. Rd1 Rf8 32. Be3 Rf7 33. Bc5 Ndc4 34. b3 Nd7 35. Bxa7 b4 36. Na4 Na3 37. Nc5+ Nxc5 38. Bxc5 Rb7 39. Rd6+ Ke5 40. Kd3 Nb5 41. Rxc6 Rd7+ 42. Ke3 1-0

[Event "World Amateur-ch U2300"]
[Site "Spoleto"]
[Date "2017.04.06"]
[Round "7"]
[White "Skreno, Vladimir"]
[Black "Nannelli, Paolo"]
[Result "1/2-1/2"]
[WhiteElo "2223"]
[BlackElo "2189"]
[PlyCount "62"]
[EventDate "2017.04.01"]
[EventType "swiss"]
[EventRounds "9"]
[EventCountry "ITA"]
[SourceTitle "CBM 177 Extra"]
[Source "ChessBase"]
[SourceDate "2017.04.27"]
[SourceVersion "1"]
[SourceVersionDate "2017.04.27"]
[SourceQuality "1"]

1. d4 e6 2. Nf3 d5 3. c4 Nf6 4. Bg5 Bb4+ 5. Nc3 Nbd7 6. cxd5 exd5 7. Qb3 c5 8. a3 Qa5 9. Bd2 Bxc3 10. Bxc3 Qb6 11. Qa2 c4 12. Nd2 0-0 13. b3 cxb3 14. Qxb3 Qe6 15. e3 Qg4 16. Qd1 Qg6 17. Qb1 Qg4 18. h3 Qe6 19. Bd3 Re8 20. Bf5 Qc6 21. Bb2 Nb6 22. 0-0 Bxf5 23. Qxf5 Rac8 24. Rfc1 Qb5 25. Rab1 Qe2 26. Rd1 h6 27. Qf3 Qd3 28. Nf1 Qb3 29. Ng3 Ne4 30. Nxe4 dxe4 31. Qf5 f6 1/2-1/2

[Event "World Amateur-ch U2300"]
[Site "Spoleto"]
[Date "2017.04.05"]
[Round "6"]
[White "Nannelli, Paolo"]
[Black "Dudin, Gleb"]
[Result "1/2-1/2"]
[WhiteElo "2189"]
[BlackElo "2031"]
[PlyCount "55"]
[EventDate "2017.04.01"]
[EventType "swiss"]
[EventRounds "9"]
[EventCountry "ITA"]
[SourceTitle "CBM 177 Extra"]
[Source "ChessBase"]
[SourceDate "2017.04.27"]
[SourceVersion "1"]
[SourceVersionDate "2017.04.27"]
[SourceQuality "1"]

1. c4 c5 2. Nf3 g6 3. d4 cxd4 4. Nxd4 Bg7 5. e4 Nc6 6. Be3 Nf6 7. Nc3 Ng4 8. Qxg4 Nxd4 9. Qd1 Ne6 10. Qd2 Qa5 11. Rc1 d6 12. Be2 Bd7 13. 0-0 Bc6 14. f3 g5 15. a3 Rc8 16. Rfd1 Be5 17. b4 Qxa3 18. Nd5 Ba4 19. Re1 Qb2 20. Qxb2 Bxb2 21. Rb1 Bd4 22. Bxd4 Nxd4 23. Ra1 Nxe2+ 24. Rxe2 b5 25. Nc3 Rxc4 26. Nxa4 bxa4 27. Rxa4 0-0 28. Rxa7 1/2-1/2

[Event "Milan Crespi op-B 33rd"]
[Site "Milan"]
[Date "2012.12.01"]
[Round "1"]
[White "Motola, Jacopo"]
[Black "Nannelli, Paolo"]
[Result "0-1"]
[WhiteElo "1993"]
[BlackElo "2230"]
[PlyCount "76"]
[EventDate "2012.12.01"]
[EventType "swiss"]
[EventRounds "9"]
[EventCountry "ITA"]
[SourceTitle "EXT 2014"]
[Source "ChessBase"]
[SourceDate "2013.11.20"]
[SourceVersion "1"]
[SourceVersionDate "2013.11.20"]
[SourceQuality "1"]

1. e4 d5 2. exd5 Qxd5 3. Nc3 Qd6 4. d4 Nf6 5. Nf3 c6 6. Ne5 Nbd7 7. Bf4 Nd5 8. Nxd5 Qxd5 9. Nf3 Nb6 10. Qe2 Bf5 11. c4 Qe4 12. Qxe4 Bxe4 13. Nd2 Bf5 14. Be2 e6 15. 0-0 Be7 16. a4 a5 17. Bc7 Nd7 18. Rac1 0-0 19. Rfd1 Rfc8 20. Bg3 Bf6 21. Nf3 h6 22. Ne5 Rd8 23. Bf3 Rac8 24. h4 Nxe5 25. dxe5 Be7 26. h5 Bg5 27. Rxd8+ Rxd8 28. Rc3 Rd3 29. Kf1 Rxc3 30. bxc3 Bc2 31. Ke2 Bxa4 32. Be4 Bb3 33. Bd3 Bc1 34. Bb1 a4 35. Kd3 a3 36. c5 a2 37. Bxa2 Bxa2 38. Kc2 Ba3 0-1

[Event "Montecatini Terme op"]
[Site "Montecatini Terme"]
[Date "2011.08.03"]
[Round "5"]
[White "Collutiis, Duilio"]
[Black "Nannelli, Paolo"]
[Result "1/2-1/2"]
[WhiteElo "2468"]
[BlackElo "2224"]
[PlyCount "67"]
[EventDate "2011.07.31"]
[EventType "swiss"]
[EventRounds "9"]
[EventCountry "ITA"]
[SourceTitle "CBM 143 Extra"]
[Source "ChessBase"]
[SourceDate "2011.08.29"]
[SourceVersion "1"]
[SourceVersionDate "2011.08.29"]
[SourceQuality "1"]

1. g3 d5 2. Bg2 Nf6 3. Nf3 e6 4. c4 Be7 5. 0-0 0-0 6. b3 b6 7. Bb2 Bb7 8. e3 Nbd7 9. Qe2 dxc4 10. bxc4 Nc5 11. d4 Na4 12. Bc1 c5 13. Qc2 Qe8 14. Nbd2 Rc8 15. Ba3 Rc7 16. Qb3 a6 17. dxc5 Bxc5 18. Bxc5 Rxc5 19. Rac1 Ne4 20. Rfd1 Nxd2 21. Nxd2 Bxg2 22. Kxg2 Qc6+ 23. Kg1 h5 24. Ne4 Qxe4 25. Qxa4 Qf3 26. Rd4 Rf5 27. Qc2 e5 28. Rd2 h4 29. Qd1 Qe4 30. Rd8 Rxd8 31. Qxd8+ Kh7 32. Qd5 Qg4 33. e4 Rf6 34. Qd3 1/2-1/2

[Event "Pula op 24th"]
[Site "Pula"]
[Date "2010.06.25"]
[Round "8"]
[White "Nannelli, Paolo"]
[Black "Franic, Milan"]
[Result "0-1"]
[WhiteElo "2207"]
[BlackElo "2390"]
[PlyCount "80"]
[EventDate "2010.06.19"]
[EventType "swiss"]
[EventRounds "9"]
[EventCountry "CRO"]
[SourceTitle "CBM 137 Extra"]
[Source "ChessBase"]
[SourceDate "2010.09.01"]
[SourceVersion "1"]
[SourceVersionDate "2010.09.01"]
[SourceQuality "1"]

1. d4 e6 2. c4 Nf6 3. Nc3 Bb4 4. Qb3 a5 5. Nf3 0-0 6. Bg5 h6 7. Bh4 b6 8. a3 a4 9. Qc2 Bxc3+ 10. bxc3 Bb7 11. Nd2 d6 12. e4 e5 13. f3 Re8 14. Be2 Nc6 15. d5 Nb8 16. Rb1 Nbd7 17. Rb4 Nc5 18. g4 Bc8 19. Nf1 Bd7 20. Rb1 g5 21. Bf2 Nh7 22. Be3 Nf8 23. h4 Ng6 24. hxg5 hxg5 25. Rh5 Nf4 26. Ng3 Nxh5 27. Nxh5 f6 28. Kf2 Kf7 29. Kg2 Rh8 30. Rf1 Ke7 31. Qc1 Qg8 32. Rh1 Nb3 33. Qg1 Rh6 34. Bf1 Qg6 35. Ng3 Rah8 36. Rh5 Rxh5 37. gxh5 Rxh5 38. Bxb6 cxb6 39. Qxb6 g4 40. fxg4 Qxg4 0-1

[Event "Pula op 24th"]
[Site "Pula"]
[Date "2010.06.22"]
[Round "5"]
[White "Balazs, Gabor1111"]
[Black "Nannelli, Paolo"]
[Result "1/2-1/2"]
[WhiteElo "2352"]
[BlackElo "2207"]
[PlyCount "29"]
[EventDate "2010.06.19"]
[EventType "swiss"]
[EventRounds "9"]
[EventCountry "CRO"]
[SourceTitle "CBM 137 Extra"]
[Source "ChessBase"]
[SourceDate "2010.09.01"]
[SourceVersion "1"]
[SourceVersionDate "2010.09.01"]
[SourceQuality "1"]

1. d4 Nf6 2. c4 e6 3. Nc3 Bb4 4. Qc2 0-0 5. a3 Bxc3+ 6. Qxc3 b6 7. Bg5 Ba6 8. e3 d6 9. Bd3 Nbd7 10. Ne2 h6 11. Bh4 c5 12. 0-0 cxd4 13. Nxd4 Rc8 14. b3 d5 15. Qb4 1/2-1/2

[Event "Lucca op 21st"]
[Site "Lucca"]
[Date "2009.10.04"]
[Round "3"]
[White "Vuelban, Virgilio"]
[Black "Nannelli, Paolo"]
[Result "1-0"]
[WhiteElo "2405"]
[BlackElo "2197"]
[PlyCount "74"]
[EventDate "2009.10.03"]
[EventType "swiss"]
[EventRounds "6"]
[EventCountry "ITA"]
[SourceTitle "EXT 2012"]
[Source "ChessBase"]
[SourceDate "2011.11.24"]
[SourceVersion "1"]
[SourceVersionDate "2011.11.24"]
[SourceQuality "1"]

1. e4 d6 2. d4 Nf6 3. Nc3 e5 4. Nf3 Nbd7 5. Bc4 Be7 6. 0-0 0-0 7. Re1 c6 8. a4 Rb8 9. b3 b6 10. Bb2 a6 11. Bf1 Qc7 12. g3 Re8 13. Bg2 Bf8 14. Qd2 b5 15. Rad1 b4 16. Nb1 c5 17. dxe5 dxe5 18. Bf1 h6 19. Qd3 Bb7 20. Nbd2 Rbd8 21. Qe3 c4 22. Bxc4 Bc5 23. Qe2 Ng4 24. Rf1 Ndf6 25. Bd3 Qb6 26. h3 Nxf2 27. Rxf2 Bxf2+ 28. Qxf2 Qxf2+ 29. Kxf2 Nxe4+ 30. Nxe4 Bxe4 31. Nxe5 Bxd3 32. Rxd3 Rc8 33. Nc4 Rc5 34. g4 a5 35. Bd4 Rd5 36. Be3 Red8 37. Rxd5 Rxd5 1-0

[Event "Pula op"]
[Site "Pula"]
[Date "2009.06.30"]
[Round "5"]
[White "Nannelli, Paolo"]
[Black "Loncar, Robert"]
[Result "1/2-1/2"]
[WhiteElo "2176"]
[BlackElo "2435"]
[PlyCount "53"]
[EventDate "2009.06.27"]
[EventType "swiss"]
[EventRounds "9"]
[EventCountry "CRO"]
[SourceTitle "CBM 131 Extra"]
[Source "ChessBase"]
[SourceDate "2009.09.03"]
[SourceVersion "2"]
[SourceVersionDate "2009.09.16"]
[SourceQuality "1"]

1. d4 Nf6 2. Bf4 e6 3. e3 b6 4. Nf3 Bb7 5. Nbd2 Be7 6. h3 0-0 7. c3 d6 8. Qb1 Nbd7 9. Bd3 Re8 10. e4 e5 11. Be3 Bf8 12. 0-0 h6 13. dxe5 dxe5 14. Rd1 Qe7 15. b4 Nh5 16. Qb3 g6 17. a4 a5 18. Bb5 Red8 19. bxa5 Rxa5 20. Nc4 Raa8 21. Bxd7 Rxd7 22. Ncxe5 Rxd1+ 23. Rxd1 Bxe4 24. Rd7 Qe6 25. Qxe6 fxe6 26. Rxc7 Rxa4 27. Rc8 1/2-1/2

[Event "Cesenatico op"]
[Site "Cesenatico"]
[Date "2007.09.06"]
[Round "6"]
[White "Lucchi, Lorenzo"]
[Black "Nannelli, Paolo"]
[Result "0-1"]
[WhiteElo "1948"]
[BlackElo "2173"]
[PlyCount "94"]
[EventDate "2007.09.01"]
[EventType "swiss"]
[EventRounds "7"]
[EventCountry "ITA"]
[SourceTitle "CBM 120 Extra"]
[Source "ChessBase"]
[SourceDate "2007.11.01"]
[SourceVersion "1"]
[SourceVersionDate "2007.11.01"]
[SourceQuality "1"]

1. e4 c6 2. d3 d5 3. Nd2 e5 4. Ngf3 Bd6 5. g3 Nf6 6. exd5 cxd5 7. Bg2 Nc6 8. 0-0 0-0 9. Re1 Re8 10. c4 d4 11. Ne4 Nxe4 12. Rxe4 Bf5 13. Re1 h6 14. Nh4 Be6 15. Be4 Qd7 16. a3 Rab8 17. b4 a6 18. Ng2 f5 19. Bxc6 Qxc6 20. f4 e4 21. c5 Be7 22. Bb2 Rbd8 23. Qe2 e3 24. Rf1 Bf6 25. Ne1 Qd5 26. Rc1 Bd7 27. Qg2 Qb3 28. Qe2 Bb5 29. Rd1 Bc6 30. Nf3 Qd5 31. Rc1 g5 32. Qg2 g4 33. Ne1 e2 34. Qxd5+ Bxd5 35. Rf2 Re3 36. Rc2 Bb3 37. Rcxe2 Rde8 38. Rxe3 Rxe3 39. Kf1 Kf7 40. Re2 Rxe2 41. Kxe2 Ke6 42. Kd2 Kd5 43. Nc2 h5 44. Kc1 Bxc2 45. Kxc2 h4 46. Kd2 h3 47. Bc1 Bh4 0-1

[Event "Lodi op 3rd"]
[Site "Lodi"]
[Date "2007.06.10"]
[Round "5"]
[White "Seps, Monika"]
[Black "Nannelli, Paolo"]
[Result "1/2-1/2"]
[WhiteElo "2265"]
[BlackElo "2173"]
[PlyCount "104"]
[EventDate "2007.06.08"]
[EventType "swiss"]
[EventRounds "5"]
[EventCountry "ITA"]
[SourceTitle "EXT 2010"]
[Source "ChessBase"]
[SourceDate "2010.11.25"]
[SourceVersion "1"]
[SourceVersionDate "2010.11.25"]
[SourceQuality "1"]

1. e4 c6 2. d4 d5 3. Nc3 dxe4 4. Nxe4 Bf5 5. Ng3 Bg6 6. h4 h6 7. Nf3 Nd7 8. h5 Bh7 9. Bd3 Bxd3 10. Qxd3 e6 11. Bd2 Ngf6 12. 0-0-0 Be7 13. Ne4 Nxe4 14. Qxe4 Nf6 15. Qe2 Qd5 16. c4 Qe4 17. Rde1 Qxe2 18. Rxe2 0-0 19. Bc3 b5 20. b3 a5 21. Ne5 Rfc8 22. f4 a4 23. g4 axb3 24. axb3 bxc4 25. bxc4 Bb4 26. Bb2 Ba3 27. Rh3 Bxb2+ 28. Kxb2 Rc7 29. Rb3 Nd7 30. Kc3 Kf8 31. Reb2 Nxe5 32. fxe5 Ke7 33. Rb8 Rxb8 34. Rxb8 f6 35. exf6+ Kxf6 36. Kb4 e5 37. dxe5+ Kxe5 38. Kc5 Kf4 39. Kd6 Rf7 40. Kxc6 Kxg4 41. Rb5 g5 42. hxg6 Rf6+ 43. Kb7 Rxg6 44. c5 h5 45. c6 h4 46. Rb1 Rxc6 47. Kxc6 h3 48. Kd5 Kf3 49. Rb2 Kg3 50. Ke4 h2 51. Rb1 Kg2 52. Rb2+ Kg3 1/2-1/2

[Event "Milan Crespi op 26th"]
[Site "Milan"]
[Date "2005.12.10"]
[Round "5"]
[White "Salvador, Roland"]
[Black "Nannelli, Paolo"]
[Result "1-0"]
[WhiteElo "2397"]
[BlackElo "2172"]
[PlyCount "61"]
[EventDate "2005.12.07"]
[EventType "swiss"]
[EventRounds "7"]
[EventCountry "ITA"]
[SourceTitle "EXT 2007"]
[Source "ChessBase"]
[SourceDate "2006.11.23"]
[SourceVersion "1"]
[SourceVersionDate "2006.11.23"]
[SourceQuality "1"]

1. d4 e6 2. c4 d5 3. Nf3 Be7 4. Nc3 Nf6 5. g3 0-0 6. Bg2 c6 7. 0-0 Nbd7 8. Qc2 b6 9. b3 Bb7 10. Bb2 Rc8 11. Rad1 b5 12. e4 b4 13. e5 Ne8 14. Ne2 Nc7 15. Nf4 Qe8 16. Rfe1 c5 17. h4 cxd4 18. Nxd4 Nb6 19. Nh5 Ba8 20. c5 Nd7 21. c6 Nc5 22. Nf5 exf5 23. Nf6+ gxf6 24. exf6 Ne4 25. Bxe4 fxe4 26. Qe2 Ne6 27. Qg4+ Kh8 28. fxe7+ d4 29. Rxd4 Nxd4 30. Bxd4+ f6 31. exf8Q+ 1-0

[Event "Piacenza op 1st"]
[Site "Piacenza"]
[Date "2005.11.05"]
[Round "3"]
[White "Pipitone, Antonio"]
[Black "Nannelli, Paolo"]
[Result "0-1"]
[WhiteElo "2029"]
[BlackElo "2172"]
[PlyCount "88"]
[EventDate "2005.11.04"]
[EventType "swiss"]
[EventRounds "5"]
[EventCountry "ITA"]
[SourceTitle "CBM 109 Extra"]
[Source "ChessBase"]
[SourceDate "2006.01.03"]
[SourceVersion "2"]
[SourceVersionDate "2006.01.03"]
[SourceQuality "1"]

1. e4 e6 2. d4 d5 3. Nc3 dxe4 4. Nxe4 Bd7 5. Nf3 Bc6 6. Bd3 Nd7 7. Be3 Ngf6 8. Ng3 Be7 9. 0-0 0-0 10. c3 b6 11. Nd2 Bb7 12. Qc2 c5 13. Nde4 Nd5 14. dxc5 bxc5 15. Rfe1 f5 16. Nd2 f4 17. Bxh7+ Kh8 18. Ngf1 fxe3 19. Nxe3 Bd6 20. g3 N7f6 21. Bd3 Nxe3 22. Rxe3 Ng4 23. Re2 c4 24. Be4 Bd5 25. Bxd5 exd5 26. Qg6 Nf6 27. Nf3 Qd7 28. Ng5 Rae8 29. Rae1 Rxe2 30. Rxe2 Re8 31. Qc2 Kg8 32. Kg2 Rxe2 33. Qxe2 Qe7 34. Qd2 Qe5 35. h4 Ne4 36. Nxe4 dxe4 37. Qe2 Qd5 38. Kh3 Bc5 39. b3 Qd3 40. Qh5 Qf1+ 41. Kh2 Qxf2+ 42. Kh3 Qf1+ 43. Kh2 Bg1+ 44. Kh1 Bf2+ 0-1

[Event "ITA-chT A1 34th"]
[Site "Italy"]
[Date "2004.04.17"]
[Round "4"]
[White "Mariano, Elia"]
[Black "Nannelli, Paolo"]
[Result "1/2-1/2"]
[WhiteElo "2198"]
[BlackElo "2163"]
[PlyCount "157"]
[EventDate "2004.03.06"]
[EventType "team"]
[EventRounds "5"]
[EventCountry "ITA"]
[SourceTitle "EXT 2007"]
[Source "ChessBase"]
[SourceDate "2006.11.23"]
[SourceVersion "1"]
[SourceVersionDate "2006.11.23"]
[SourceQuality "1"]

1. d4 d5 2. c4 c6 3. Nf3 Nf6 4. Nc3 g6 5. Bf4 Bg7 6. e3 0-0 7. Rc1 Qa5 8. Qb3 dxc4 9. Bxc4 b5 10. Bxf7+ Rxf7 11. Ng5 e6 12. Nxf7 Kxf7 13. 0-0 Nbd7 14. Ne2 Bb7 15. Ng3 Qa4 16. Qd3 Rc8 17. b3 Qb4 18. a3 Qe7 19. b4 Nd5 20. Ne4 Nxf4 21. exf4 h6 22. Rfe1 Rd8 23. h4 Nf8 24. h5 Qh4 25. hxg6+ Nxg6 26. f5 exf5 27. Ng3 Qxd4 28. Qxf5+ Qf6 29. Qxf6+ Bxf6 30. Nf5 Bg5 31. Rcd1 Rxd1 32. Rxd1 Ke6 33. Nd6 Ba6 34. Ne4 Be7 35. Re1 Kd7 36. g3 Bc8 37. f4 Kc7 38. Kf2 Kb6 39. Rb1 Bf8 40. Kf3 a5 41. g4 axb4 42. axb4 Ne7 43. Nf6 Be6 44. Re1 Bd5+ 45. Kg3 Kc7 46. Nh7 Ng6 47. Nxf8 Nxf8 48. f5 Kd7 49. Kf2 Nh7 50. Ke3 Ke7 51. Ra1 Nf6 52. Ra7+ Nd7 53. Kf4 Kd6 54. g5 hxg5+ 55. Kxg5 Ne5 56. f6 Nd3 57. f7 Bxf7 58. Rxf7 Nxb4 59. Kf4 Kd5 60. Ke3 Kc4 61. Kd2 Nd5 62. Rh7 b4 63. Rh4+ Kb5 64. Kc2 c5 65. Kb3 Ne7 66. Rf4 Nc6 67. Rh4 Nd4+ 68. Kb2 Ka4 69. Rg4 Nc6 70. Rg5 Kb5 71. Rg4 Nd4 72. Rh4 Kc4 73. Rg4 Kb5 74. Rh4 Nc6 75. Rh5 Na5 76. Rg5 Nc4+ 77. Kb3 Na5+ 78. Kb2 Nc4+ 79. Kb3 1/2-1/2

[Event "Corsico op 26th"]
[Site "Corsico"]
[Date "2003.05.04"]
[Round "7"]
[White "Nannelli, Paolo"]
[Black "Cedriano, Filippo"]
[Result "1-0"]
[WhiteElo "2174"]
[BlackElo "1807"]
[PlyCount "29"]
[EventDate "2003.04.30"]
[EventType "swiss"]
[EventRounds "7"]
[EventCountry "ITA"]
[SourceTitle "EXT 2007"]
[Source "ChessBase"]
[SourceDate "2006.11.23"]
[SourceVersion "1"]
[SourceVersionDate "2006.11.23"]
[SourceQuality "1"]

1. c4 g6 2. g3 Bg7 3. Bg2 Nf6 4. Nc3 d6 5. e4 e5 6. Nge2 0-0 7. 0-0 Nc6 8. f4 exf4 9. gxf4 Bg4 10. h3 Be6 11. b3 Qd7 12. Kh2 Nh5 13. d4 Nxd4 14. Nxd4 c5 15. Nxe6 1-0

[Event "Nereto op 5th"]
[Site "Nereto"]
[Date "2000.08.14"]
[Round "4"]
[White "Sibilio, Mario"]
[Black "Nannelli, Paolo"]
[Result "1-0"]
[WhiteElo "2381"]
[BlackElo "2217"]
[PlyCount "117"]
[EventDate "2000.08.11"]
[EventType "swiss"]
[EventRounds "9"]
[EventCountry "ITA"]
[SourceTitle "EXT 2001"]
[Source "ChessBase"]
[SourceDate "2000.11.22"]
[SourceVersion "1"]
[SourceVersionDate "2000.11.22"]
[SourceQuality "1"]

1. d4 g6 2. c4 Bg7 3. Nf3 Nf6 4. g3 0-0 5. Bg2 d6 6. 0-0 Nc6 7. Nc3 Bf5 8. h3 Rb8 9. g4 Bd7 10. e4 e5 11. Be3 h5 12. dxe5 dxe5 13. g5 Nh7 14. Nd5 Re8 15. Qd2 Qc8 16. Kh2 Be6 17. Rfd1 a5 18. Rac1 b6 19. a3 Bf8 20. c5 b5 21. b3 Bg7 22. Qe1 Ra8 23. Qf1 Qb8 24. Kh1 Ne7 25. Nd2 a4 26. b4 c6 27. Nb6 Ra7 28. Nf3 Bb3 29. Rd6 Rc7 30. Nd2 Be6 31. Qd3 Bf8 32. f4 exf4 33. Bxf4 Qa7 34. Nf3 Nc8 35. Nxc8 Rcxc8 36. Nd4 Bxd6 37. cxd6 Bc4 38. Rxc4 bxc4 39. Qxc4 Qd7 40. e5 Nf8 41. Nxc6 Kh7 42. b5 Ne6 43. Kh2 Rf8 44. Be3 Ng7 45. Qd5 Qe6 46. Qxe6 Nxe6 47. Bd5 Nd8 48. Bb6 Nb7 49. Kg3 f6 50. gxf6 h4+ 51. Kxh4 Nxd6 52. exd6 Rxf6 53. d7 Rcf8 54. d8Q g5+ 55. Kg3 Rxd8 56. Bxd8 Rd6 57. Be4+ Kh6 58. b6 Rd7 59. Bc7 1-0

[Event "Nereto op 5th"]
[Site "Nereto"]
[Date "2000.08.12"]
[Round "2"]
[White "Nannelli, Paolo"]
[Black "Farago, Ivan"]
[Result "0-1"]
[WhiteElo "2217"]
[BlackElo "2486"]
[PlyCount "54"]
[EventDate "2000.08.11"]
[EventType "swiss"]
[EventRounds "9"]
[EventCountry "ITA"]
[SourceTitle "EXT 2001"]
[Source "ChessBase"]
[SourceDate "2000.11.22"]
[SourceVersion "1"]
[SourceVersionDate "2000.11.22"]
[SourceQuality "1"]

1. Nf3 Nf6 2. g3 d5 3. c4 c5 4. Bg2 Nc6 5. 0-0 e5 6. d3 Be7 7. Nc3 d4 8. Na4 h6 9. e4 Bg4 10. h3 Be6 11. Ne1 Qc8 12. Kh2 h5 13. Bd2 h4 14. g4 Nd7 15. a3 a6 16. b3 f6 17. Nc2 b5 18. Nb2 g5 19. b4 0-0 20. cxb5 axb5 21. bxc5 Nxc5 22. Nb4 Nb3 23. Rb1 Nxd2 24. Qxd2 Nxb4 25. axb4 Qc3 26. Qe2 Rfc8 27. Ra1 Bxb4 0-1

[Event "ITA-ch sf"]
[Site "Saint Vincent"]
[Date "1999.??.??"]
[Round "9"]
[White "Nannelli, Paolo"]
[Black "Collutiis, Duilio"]
[Result "0-1"]
[WhiteElo "2239"]
[BlackElo "2196"]
[PlyCount "82"]
[EventDate "1999.??.??"]
[EventType "swiss"]
[EventRounds "9"]
[EventCountry "ITA"]
[SourceTitle "EXT 2000"]
[Source "ChessBase"]
[SourceDate "1999.11.16"]
[SourceVersion "1"]
[SourceVersionDate "1999.11.16"]
[SourceQuality "1"]

1. d4 Nf6 2. Nf3 e6 3. Bf4 c5 4. e3 Nc6 5. c3 a6 6. a4 Be7 7. h3 Qb6 8. Qc2 d5 9. Nbd2 Bd7 10. Bd3 Rc8 11. Qb1 h6 12. 0-0 g5 13. Be5 Rg8 14. Bh2 h5 15. Ne5 g4 16. hxg4 hxg4 17. Bg3 Nh5 18. Nxc6 Bxc6 19. a5 Qd8 20. Be5 Bf6 21. Bxf6 Qxf6 22. Qe1 Rh8 23. f4 Qh6 24. Qh4 g3 25. Rf3 f5 26. Kf1 Rc7 27. Ke2 Rg7 28. Rg1 Rg4 29. Qh3 Qf6 30. Rh1 Nxf4+ 31. exf4 Rxh3 32. Rxh3 cxd4 33. cxd4 Qxd4 34. Re3 Qxf4 35. Nf3 Rg6 36. Rh4 Qd6 37. Bxf5 Rf6 38. Rh8+ Kd7 39. Ne5+ Kc7 40. Rh7+ Kb8 41. Nxc6+ Qxc6 0-1

[Event "Montecatini Terme op"]
[Site "Montecatini Terme"]
[Date "1998.??.??"]
[Round "5"]
[White "De Vita, Cesare Igor"]
[Black "Nannelli, Paolo"]
[Result "1/2-1/2"]
[WhiteElo "2125"]
[BlackElo "2265"]
[PlyCount "28"]
[EventDate "1998.??.??"]
[EventType "swiss"]
[EventRounds "9"]
[EventCountry "ITA"]
[SourceTitle "EXT 2000"]
[Source "ChessBase"]
[SourceDate "1999.11.16"]
[SourceVersion "1"]
[SourceVersionDate "1999.11.16"]
[SourceQuality "1"]

1. e4 e6 2. d3 d5 3. Nd2 c5 4. Ngf3 Nc6 5. g3 Bd6 6. Bg2 Nge7 7. 0-0 0-0 8. Nh4 b6 9. f4 dxe4 10. Nxe4 Bb7 11. Qh5 f6 12. Bh3 Nd4 13. c3 g6 14. Qd1 Ndf5 1/2-1/2